| 000 | 00525nam a2200205Ia 4500 | ||
|---|---|---|---|
| 005 | 20250425160705.0 | ||
| 008 | 250425s9999 xx 000 0 und d | ||
| 041 | _aspa | ||
| 082 | _a332.67 | ||
| 100 | _aSOTO MORENO, JORGE | ||
| 245 | 0 | _aPROCEDIMIENTOS OPERATIVOS EN PREINVERSION | |
| 250 | _a1A ED. | ||
| 260 |
_aEcuador _bFondo Nacional de Estudios y proyectos _c1983 |
||
| 260 | _aS.L. | ||
| 300 | _a185 | ||
| 500 | _aD-9383;D-9393 S/500C/U 89.06.01 | ||
| 650 | _aINVERSIONES | ||
| 942 | _c01 | ||
| 010 | _a2396 | ||
| 999 |
_c194185 _d194185 |
||